[Event "28th WSCC2018 - Open 65+"]
[Site "Bled"]
[Date "2018.11.26"]
[Round "8.86"]
[White "Ostrowski, Michal"]
[Black "Zharokov, Biket"]
[Result "0-1"]
[WhiteElo "1187"]
[BlackElo "1629"]
[PlyCount "74"]
[EventDate "2018.11.18"]

1. Nc3 c5 2. d4 cxd4 3. Qxd4 Nc6 4. Qd1 e6 5. e4 a6 6. Nf3 Qc7 7. g3 Be7 8. Bg2
Nf6 9. O-O b5 10. a3 Bb7 11. Be3 Na5 12. Qd4 Nc4 13. e5 Nd5 14. Nxd5 Bxd5 15.
Rfc1 Rc8 16. b4 h6 17. Ne1 Nxe3 18. Qxe3 Bxg2 19. Kxg2 Qc6+ 20. Kg1 Bg5 21. f4
Be7 22. c3 a5 23. bxa5 Bc5 24. Qxc5 Qxc5+ 25. Kg2 Qe3 26. Kh3 Rxc3 27. Rcb1 Rb3
28. Rc1 O-O 29. Nc2 Qe4 30. Nb4 Qf5+ 31. Kg2 Rb2+ 32. Rc2 Rxc2+ 33. Nxc2 Qxc2+
34. Kh3 Qf5+ 35. Kg2 Rc8 36. a6 Rc2+ 37. Kh1 Qe4+ 0-1

[Event "28th WSCC2018 - Open 65+"]
[Site "Bled"]
[Date "2018.11.26"]
[Round "8.87"]
[White "Dvorsky, David"]
[Black "Lee, Wing Kin"]
[Result "1-0"]
[WhiteElo "1345"]
[BlackElo "1156"]
[PlyCount "81"]
[EventDate "2018.11.18"]

1. e4 c5 2. Nc3 d6 3. g3 e5 4. Bg2 Nf6 5. d3 Be7 6. h3 O-O 7. Nge2 Nc6 8. O-O
a6 9. a4 Nd4 10. Nd5 Nxe2+ 11. Qxe2 Nxd5 12. exd5 Re8 13. f4 e4 14. dxe4 f5 15.
e5 Bd7 16. e6 Bc8 17. b3 Bf6 18. Rb1 Rb8 19. Bb2 Bxb2 20. Rxb2 b5 21. c4 b4 22.
Rbb1 Qf6 23. Qb2 Qg6 24. Rf3 Bb7 25. Re1 Re7 26. Kh2 Qh5 27. Rfe3 h6 28. Bf3
Qg6 29. Qe2 Qf6 30. Qf2 g6 31. g4 fxg4 32. Bxg4 Rf8 33. Rf1 Kg7 34. h4 g5 35.
Rg1 Qxf4+ 36. Qxf4 Rxf4 37. hxg5 hxg5 38. Kg3 Kg6 39. Rh1 Rh7 40. Rxh7 Kxh7 41.
e7 1-0